MEDACTA '93 opäť v Nitre

Bibliographic Details
Main Author: Frančík, Jiří (Author)
Format: Article
Language:Slovak
PhysicalDescription:Fotogr. 1
Subjects:

MARC

LEADER 00000nab a2200000 a 4500
001 vtls000495895
003 SK-MaSNL
005 20260304211347.0
008 120927c1993 xo 0 slo
015 |a SNBRB19rr/mm-uuuuu 
035 |a CL0496033 
040 |a SNKBUCL  |b slo  |c SNKBUCL  |e AACR2 
041 0 |a slo 
044 |a xo  |c SK 
080 |a 371.64/.69:061.4  |2 1981 
100 1 |a Frančík, Jiří  |4 aut  |9 594469 
245 1 0 |a MEDACTA '93 opäť v Nitre  |c Jiří Frančík 
300 |b Fotogr. 1 
611 2 7 |a MEDACTA  |d (1993 :  |c Nitra, Slovensko)  |2 snkbucl  |9 257697 
650 0 7 |a didaktická technika  |2 snkbucl  |9 67672 
650 0 7 |a učebné pomôcky  |2 snkbucl  |9 13833 
651 7 |a 5206  |2 snkbucl  |9 283253 
655 7 |a články z novín a časopisov  |2 snkbucl  |9 267496 
773 0 |t Technické noviny  |g Roč. 41, č. 27 (1993), s. 11 
850 |a Slovenská národná knižnica v Martine  |a MTA001 
852 |a SNK  |b KIS3GCP 
958 |a RK 
992 |a RBX 
999 |c 3129083  |d 3131013